| 000 | 00391cam a22001097a 4500 | ||
|---|---|---|---|
| 008 | 180718b1962 xxu||||| |||| 00| 0 eng d | ||
| 082 | _aP065x421959-60 | ||
| 245 |
_aSelected statistics relating to Local education authorities in England and Wales _cby Ministry of Education |
||
| 260 |
_aLondon _bHer Majesty's Stationery Office _c1962 |
||
| 300 | _a32p. | ||
| 700 | _aU.S. . Ministry of Education | ||
| 999 |
_c414416 _d414416 |
||